000 00629nam a2200217Ii 4500
003 JO-AjNU
008 230606s9999||||xx |||||||||||||| ||und||
020 _a978-3-030-52800-3
040 _aJO-AjNU
_beng
_erda
_cJO-AjNU
041 _aeng
050 1 4 _aQA76.9.2021
100 3 _aPedrycz, Witlod ,
_eauthor
_96615
245 0 3 _aAn Introduction to Computing with Fuzzy Sets: Analysis, Design, and Application
250 _a1ed
264 3 1 _aUSA: Springer,2021
300 _a283p
336 _atext
_btxt
_2rdacontent
337 _aunmediated
_bn
_2rdamedia
338 _avolume
_bnc
_2rdacarrier
650 4 _aComputing
_96616
999 _aE3434
_c3428
_d3428